Digitálne prostredie pre prácu - evolúcia riadenia ľudských zdrojov

Enregistré dans:
Détails bibliographiques
Auteur principal: Blštáková, Jana, 1980-
Format: Chapitre de livre
Langue:slovaque
anglais
Sujets:
Tags: Ajouter un tag
Pas de tags, Soyez le premier à ajouter un tag!

MARC

LEADER 00000naa$a2200000$$$4500
001 0290185
005 20240502074445.0
041 0 |a slo 
041 0 |a eng 
044 |a SK 
245 1 0 |a Digitálne prostredie pre prácu - evolúcia riadenia ľudských zdrojov  |c Jana Blštáková 
500 |a Abstrakt 
610 2 0 |a riadenie ľudských zdrojov 
610 2 0 |a digitalizácia 
610 2 0 |a podnik 
610 2 0 |a inovácie technologické 
610 2 0 |a zamestnanci 
100 1 |a Blštáková, Jana, 1980-